000 00914cam a22003017a 4500
003 CHAP
005 20220329140729.0
008 971013s1904 r 00010 d
010 _a56690
011 _a57662
035 _a61817
040 _cCHAP
082 _a633.2
_bZ8
245 1 3 _aLa zulla
_b: รณ reina de las forrajeras de secano
260 _aSevilla :
_b(s.n.),
_c1904
300 _a103 p.
_b: ilus.
490 0 _aBiblioteca Agraria Solariana
_v; 17
590 _aBATCH-UPD
_b10
_c20130110
_lUCH01
_h0013
590 _aBATCH-UPD
_b10
_c20130110
_lUCH01
_h0732
590 _aCONVERSION
_b10
_c20130109
_lUCH01
_h1330
650 1 4 _aCultivos de secano.
_930373
650 1 4 _aHedysarum coronarium.
_953304
650 1 4 _aPlantas forrajeras.
_988943
830 0 _aBiblioteca Agraria Solariana
_v; 17
_912223
901 _aBK
942 _cLIBRO
949 _a633.2 Z8
_bBC
_cBPP
_d-132687
_eBPP
_h71092
_i61817
_mD
_si
999 _c56690
_d56690